000 00933nam a2200217 a 4500
005 20191224041749.0
008 140124b2005 ck ||||| |||| 00| 0 spa d
040 _cCO-BoIH
_aCO-BoIAVH
041 _aspa
044 _ack
090 _aTE
_b0167
100 1 _aPalacio Mejia, Juan Diego
245 _aEstudio comparativo de la diversidad genética y divergencia evolutiva entre la especie vulnerable Colombobaianus exelsa (lozano et. al.) Nixon AND Crepet y el roble comun Quercus Humboldth Bondpl.
_bimplicaciones para la biología de la conservación
260 _aPalmira
_bUniversidad Nacional de Colombia, Facultad de Ciencias Agropecuarias Postgrados
_c2005
300 _a125 paginas.
502 _aTesis (Maestría Ciencias)-- Universidad Nacional de Colombia
650 1 4 _aDiversidad genética
650 1 4 _aBiología de la conservación
650 1 4 _aEspecies Forestales
942 _cTESIS
_2z
999 _c4858
_d4858